Программирование на языке Паскаль. Основы обработки структур данных

Bibliografske podrobnosti
Glavni avtor: Моргун А. Н. Александр Николаевич
Drugi avtorji: Кривель И. А. Ирина Анатольевна
Izvleček:В книге подробно обсуждаются основы алгоритмизации обработки базовых структур данных с использованием языка Паскаль — массивов различной размерности, строк, множеств и текстовых файлов. Читатель не только получит фундаментальные знания об особенностях построения перечисленных структур, — серьезное внимание в книге уделяется типичным методам и задачам их обработки, демонстрируемым с использованием тщательно подобранных примеров. При этом читатель подробно познакомится с модульным программированием, с использованием динамической памяти, с рекурсией и т.д. Для начинающих в книге приведены необходимые сведения по основам программирования на языке Паскаль и особенностям работы в среде разработки Borland Turbo Pascal 7.0. Авторы написали эту книгу для тех студентов и школьников старших классов, которые желают не просто научиться программировать на языке Паскаль, но и стремятся использовать приобретенные знания для решения конкретных задач. Предложенная авторами методика может быть полезна также учителям школ и преподавателям ВУЗов — с учетом этого в книгу включены специальные приложения с подборкой задач и многовариантных заданий по основным рассматриваемым темам.
Jezik:ruščina
Izdano: Москва, Вильямс, 2006
Serija:Школьникам. Студентам. Преподавателям
Teme:
Format: Knjiga
KOHA link:https://koha.lib.tpu.ru/cgi-bin/koha/opac-detail.pl?biblionumber=66096

MARC

LEADER 00000nam0a2200000 4500
001 66096
005 20231031071114.0
010 |a 584590935X 
035 |a (RuTPU)RU\TPU\book\70192 
090 |a 66096 
100 |a 20040716d2006 km y0rusy50 ca 
101 0 |a rus 
102 |a RU 
105 |a a z 001zy 
200 1 |a Программирование на языке Паскаль. Основы обработки структур данных  |f А. Н. Моргун, И. А. Кривель 
210 |a Москва  |c Вильямс  |d 2006 
215 |a 567 с.  |c ил. 
225 1 |a Школьникам. Студентам. Преподавателям 
320 |a Предметный указатель: с. 563-566. 
330 |a В книге подробно обсуждаются основы алгоритмизации обработки базовых структур данных с использованием языка Паскаль — массивов различной размерности, строк, множеств и текстовых файлов. Читатель не только получит фундаментальные знания об особенностях построения перечисленных структур, — серьезное внимание в книге уделяется типичным методам и задачам их обработки, демонстрируемым с использованием тщательно подобранных примеров. При этом читатель подробно познакомится с модульным программированием, с использованием динамической памяти, с рекурсией и т.д. Для начинающих в книге приведены необходимые сведения по основам программирования на языке Паскаль и особенностям работы в среде разработки Borland Turbo Pascal 7.0. Авторы написали эту книгу для тех студентов и школьников старших классов, которые желают не просто научиться программировать на языке Паскаль, но и стремятся использовать приобретенные знания для решения конкретных задач. Предложенная авторами методика может быть полезна также учителям школ и преподавателям ВУЗов — с учетом этого в книгу включены специальные приложения с подборкой задач и многовариантных заданий по основным рассматриваемым темам. 
610 1 |a языки программирования 
610 1 |a Паскаль 
610 1 |a поиск 
610 1 |a сортировка 
610 1 |a тексты 
610 1 |a рекурсия 
610 1 |a множества 
610 1 |a массивы 
675 |a 681.3.06:800.92  |v 3 
700 1 |a Моргун  |b А. Н.  |g Александр Николаевич 
701 1 |a Кривель  |b И. А.  |g Ирина Анатольевна 
801 1 |a RU  |b 63413507  |c 20040716  |g PSBO 
801 2 |a RU  |b 63413507  |c 20080616  |g PSBO 
900 |a Программирование и основы алгоритмизации 
942 |c BK